Logo BPK

Biblioteka

Politechniki Koszalińskiej

Nelinejnye jawlenija w priem-peredajuscem trakte apparatury swjazi na tranzistorach / (Rekord nr 15230)

Szczegóły MARC
000 -ETYKIETA REKORDU
podpole kontrolne o stałej długości 00521nam a2200181 i 4500
001 - NUMER KONTROLNY REKORDU
pole kontrolne bg
040 ## - ŹRÓDŁO KATALOGOWANIA
Instytucja, która utworzyła rekord BPK
041 ## - KOD JĘZYKA
Kod języka tekstu pol
080 ## - UNIWERSALNA KLASYFIKACJA DZIESIĘTNA - UKD
UKD 621.396.6
008 - POLE O STAŁEJ DŁUGOŚCI - DANE KONTROLNE
podpole kontrolne o stałej długości s pl f |000 0 pol
100 1# - NAZWA OSOBOWA
Nazwa osobowa Gribowv E. B.
245 #0 - TYTUŁ/ODPOWIEDZIALNOŚĆ
Tytuł Nelinejnye jawlenija w priem-peredajuscem trakte apparatury swjazi na tranzistorach /
Pozostałe elementy strefy tytułu i oznaczenia odpowiedzialności E. B. Gribow.
260 ## - STREFA ADRESU WYDAWNICZEGO
Miejsce wydania Moskwa :
Nazwa wydawcy/dystrybutora "Svjaz'",
Data publikacji, dystrybucji/powstania dokumentu 1971.
300 ## - STREFA OPISU FIZYCZNEGO
Objętość s. 246, nlb. 1 :
Inne cechy fizyczne rys., tabl.
500 ## - UWAGI OGÓLNE
Tekst uwagi [Alf. ros.].
504 ## - UWAGA DOTYCZĄCA BIBLIOGRAFII
Informacje o bibliografii [Zawiera bibliogr. s. 244-245].
942 ## - DODATKOWE ELEMENTY (KOHA)
Typ dokumentu Książka
Egzemplarze
Wycofany Status egzemplarza Uszkodzony Dostępność Lokalizacja stała Lokalizacja bieżąca Miejsce przechowywania Sygnatura Kod kreskowy Typ dokumentu
      Dostępny Biblioteka Politechniki Koszalińskiej Biblioteka Politechniki Koszalińskiej Wypożyczalnia BG 15774 01731279 Książka
© 2023 Biblioteka Politechniki Koszalińskiej :: KOHA